Os 15 principais países com mortes por Covid19 - 9 de março 2022 - Statistics

Estatísticas Gerais
  • Esse quiz foi jogado 15 vezes
  • A pontuação média é 13 de 26
Estatísticas das Respostas
país % Correto
Brasil
100%
Estados Unidos
100%
Índia
100%
Itália
87%
Rússia
87%
Argentina
80%
França
80%
México
80%
Alemanha
73%
Reino Unido
73%
Colômbia
67%
Polônia
53%
Indonésia
47%
Irão
47%
Peru
47%
Eslovénia
33%
Hungria
33%
Romênia
33%
Bulgária
27%
Chéquia
27%
Eslováquia
27%
Macedónia do Norte
13%
Bósnia e Herzegovina
7%
Croácia
7%
Geórgia
7%
Lituânia
7%
Nenhum quiz correspondente encontrado
Distribuição das Pontuações
Porcentagem de Pessoas com Cada Pontuação
Percentil de Números Respondidos
Sua Pontuação Histórica
Você não jogou esse quiz